LEADER 00770nam0 22002171i 450 001 UON00220586 005 20231205103413.26 100 $a20030730d1966 |0itac50 ba 101 $acze 102 $aCZ 105 $a|||| ||||| 200 1 $aNa brehu dnu$fKarel Capek 210 $aPraha$cCesk. spisovatel$d1966. 442 p.$ctav. ; 20 cm. 676 $a891.86$cLetteratura ceca$v21 700 1$a?APEK$bKarel$3UONV076067$0544987 801 $aIT$bSOL$c20240220$gRICA 899 $aSIBA - SISTEMA BIBLIOTECARIO DI ATENEO$2UONSI 912 $aUON00220586 950 $aSIBA - SISTEMA BIBLIOTECARIO DI ATENEO$dSI CECO A CAPK 0015 $eSI SL 4488 5 0015 996 $aNa brehu dnu$91266635 997 $aUNIOR